| 000 | 00767nam a22002177a 4500 | ||
|---|---|---|---|
| 003 | UA-OsUOA | ||
| 001 | 36112 | ||
| 007 | ta | ||
| 008 | 20060118b un ||||| |||| 00| 0 ukr d | ||
| 100 | _aПономарьов Г. | ||
| 090 | _a94 | ||
| 942 | _cSA | ||
| 040 |
_aUA-OsUOA _bukr _cUA-OsUOA _dUA-OsUOA |
||
| 245 | _a"Король" не терпів брехні. Сорок років тому помер Сергій Корольов: людину, яка відкрила космічну еру, влада відмовилася подавати на Нобелівську премію | ||
| 300 | _aС.6 | ||
| 955 | _a0 | ||
| 041 | _aukr | ||
| 080 | _a94 | ||
| 773 | 0 | _w36109 | |
| 650 | 7 |
_a9 Географія. Біографії. Історія _2UDC |
|
| 999 |
_c322371 _d322371 |
||